000
00337 a2200157 4500
001
62402
020
_a
8573162600
040
_c
Anchieta - Pituba
100
_a
Franco, Tasso
240
1
0
_a
Catarina Paraguaçu
_l
por
245
1
0
_a
Catarina Paraguaçu
300
_a
150
362
0
_a
2001
650
4
_a
Ficção brasileira
942
_c
BK
999
_c
62402
_d
62402